000 01219nam a2200229 a 4500
008 190517s2015 ||||||||||||||||| || u
020 _a9781292016900
050 _aHD 70.U5 Ebe
100 _aGriffin, Ricky W
245 1 0 _aBusiness essentials (10th edition)
_cBy Ronald J. Ebert and Ricky W. Griffin
250 _a10th edition
260 _aEngland
_bPearson
_c2015
300 _a700 pages, : illustrations
350 _a46.98
650 0 _aINDUSTRIAL MANAGEMENT
650 7 _aBUSINESS ENTERPRISES
_2fast
700 _aEbert, Ronald J
995 _aANNEX COLLECTION (Main Library)
_D46.98
_e749005
_FCBU-MAIN LIBRARY (Kitwe)
_I46.98
_jHD 70.U5 Ebe
_M1
_UAVAILABLE
_WMay 21, 2019
_y749005
_ZAnnex Low-Usage Collection
995 _aMAIN LIBRARY OPEN ACCESS
_e749006
_FCBU-MAIN LIBRARY (Kitwe)
_I46.98
_jHD 70.U5 Ebe
_M2
_UAVAILABLE
_WMay 21, 2019
_y749006
_ZMain Library Open Access Collection
995 _aANNEX COLLECTION (Main Library)
_e749008
_FCBU-MAIN LIBRARY (Kitwe)
_I46.98
_jHD 70.U5 Ebe
_M4
_UAVAILABLE
_WMay 21, 2019
_y749008
_ZAnnex Low-Usage Collection
995 _aMAIN LIBRARY OPEN ACCESS
_e749007
_FCBU-MAIN LIBRARY (Kitwe)
_I46.98
_jHD 70.U5 Ebe
_M3
_UAVAILABLE
_WMay 21, 2019
_y749007
_ZMain Library Open Access Collection
999 _c79004
_d79004